000 00373nam a2200145Ia 4500
008 231129s1995||||xx |||||||||||||| ||spa||
020 _a968-880-245-X
040 _bspa
082 _a547 W119q
100 _aWade L.G
245 0 _aQuimica organica
260 _c1995
264 _aPrentice-Hall Hispanoamericana
942 _2ddc
_cBKS
999 _c23659
_d23659